[Event "ZMD Open"]
[Site "Dresden"]
[Date "????.??.??"]
[Round "?"]
[White "Zilch, L."]
[Black "Wiessner, J."]
[Result "0-1"]
[WhiteElo "1911"]
[BlackElo "1861"]
[PlyCount "80"]
[EventDate "2013.??.??"]

1. c4 Nf6 2. Nc3 e6 3. e4 c5 4. e5 Ng8 5. d4 cxd4 6. Qxd4 Nc6 7. Qe4 d6 8. Nf3
Nxe5 9. Nxe5 Nf6 10. Nxf7 Nxe4 11. Nxd8 Nxc3 12. Nxe6 Bxe6 13. bxc3 Rc8 14. Rb1
b6 15. Kd2 Be7 16. Bd3 Bxc4 17. Bxc4 Rxc4 18. Re1 Kd7 19. Kd3 Rhc8 20. Bd2 Bf6
21. Rb3 Ra4 22. Rb2 Rc5 23. Re2 Ra3 24. Rc2 d5 25. Be1 d4 26. Re4 dxc3 27. Rc4
Rxc4 28. Kxc4 Kc6 29. f3 a5 30. g4 b5+ 31. Kd3 Kd5 32. Bg3 Ra4 33. Re2 Ra3 34.
g5 c2+ 35. Kd2 Bxg5+ 36. f4 Bf6 37. Kc1 Rxa2 38. Re8 b4 39. Ra8 b3 40. Rb8 Ra1+
0-1

[Event "ZMD Open"]
[Site "Dresden"]
[Date "????.??.??"]
[Round "?"]
[White "Frommelt, R."]
[Black "Bisse, V."]
[Result "1/2-1/2"]
[WhiteElo "1765"]
[BlackElo "1967"]
[PlyCount "33"]
[EventDate "2013.??.??"]

1. Nf3 d5 2. c4 c6 3. cxd5 cxd5 4. g3 Nf6 5. Bg2 e6 6. O-O Nc6 7. d3 Be7 8. a3
O-O 9. b4 Bd7 10. Bb2 Rc8 11. Nbd2 Re8 12. e4 dxe4 13. dxe4 b5 14. Re1 Qb6 15.
Nb3 Red8 16. Qe2 Be8 17. Rec1 1/2-1/2

[Event "ZMD Open"]
[Site "Dresden"]
[Date "????.??.??"]
[Round "?"]
[White "Mishin, F."]
[Black "von Koslowski, U."]
[Result "0-1"]
[WhiteElo "1801"]
[BlackElo "1749"]
[PlyCount "60"]
[EventDate "2013.??.??"]

1. e4 d5 2. exd5 Qxd5 3. Nc3 Qa5 4. Bc4 Nf6 5. d3 c6 6. Bd2 Bf5 7. Nge2 e6 8.
Nb5 Qd8 9. Nbd4 Bg6 10. O-O Bd6 11. Nf3 Qc7 12. Ng3 Nbd7 13. b4 h5 14. Nh4 Ne5
15. Bb3 Neg4 16. Nxg6 fxg6 17. Bxe6 Nxh2 18. Re1 Kf8 19. Ne4 Nxe4 20. Rxe4 Re8
21. Qe2 Ng4 22. Bxg4 Rxe4 23. Qxe4 hxg4 24. Qxg6 Bh2+ 25. Kf1 Qd7 26. Re1 Bd6
27. Re4 Rh1+ 28. Ke2 Ra1 29. Bc3 Rxa2 30. Re8+ Qxe8+ 0-1

[Event "ZMD Open"]
[Site "Dresden"]
[Date "????.??.??"]
[Round "?"]
[White "Wunderlich, M."]
[Black "Völler, L."]
[Result "1-0"]
[WhiteElo "1785"]
[BlackElo "1679"]
[PlyCount "59"]
[EventDate "2013.??.??"]

1. Nc3 g6 2. e4 Bg7 3. f4 d6 4. Nf3 Nc6 5. Bc4 e6 6. O-O Nge7 7. d3 a6 8. a4
Nd4 9. Ne2 Nec6 10. Nexd4 Nxd4 11. c3 Nc6 12. Be3 O-O 13. Qd2 Ne7 14. Qf2 d5
15. Bb3 c6 16. Qh4 f5 17. exd5 Bf6 18. Qf2 exd5 19. Rfe1 Be6 20. Bd4 Bxd4 21.
Qxd4 Bf7 22. Re2 Rc8 23. Rae1 c5 24. Qf2 Nc6 25. Ng5 Qb6 26. Nxf7 Rxf7 27. Bxd5
Kg7 28. Bxf7 Kxf7 29. Qe3 h5 30. Qe6+ 1-0

[Event "ZMD Open"]
[Site "Dresden"]
[Date "????.??.??"]
[Round "?"]
[White "Helbig, C."]
[Black "Zalewski, U."]
[Result "1/2-1/2"]
[WhiteElo "1786"]
[BlackElo "1805"]
[PlyCount "148"]
[EventDate "2013.??.??"]

1. Nf3 d5 2. c4 e6 3. b3 Nf6 4. Bb2 Be7 5. g3 c5 6. e3 Nc6 7. Bg2 d4 8. exd4
cxd4 9. d3 O-O 10. O-O Ne8 11. Qe2 f6 12. Ne1 e5 13. f4 Qd6 14. Ba3 Qe6 15. Bd5
Bxa3 16. Bxe6+ Bxe6 17. Nxa3 Bh3 18. Ng2 exf4 19. Rxf4 Nd6 20. Qh5 Bxg2 21.
Kxg2 Rfe8 22. Qd5+ Nf7 23. Re4 Rad8 24. Rxe8+ Rxe8 25. Kf2 Nce5 26. Qxd4 Rd8
27. Qxd8+ Nxd8 28. d4 Ng4+ 29. Kg1 Nc6 30. d5 Nce5 31. h3 Nf3+ 32. Kg2 Nge5 33.
Nc2 Kf7 34. Rf1 Ng5 35. Rf4 Ke7 36. h4 Ngf7 37. Nd4 g6 38. c5 f5 39. Ne6 Nd3
40. Rd4 Nfe5 41. Nc7 Nxc5 42. Nb5 a6 43. Na3 b5 44. Nc2 Kd6 45. Nb4 a5 46. Nc6
a4 47. b4 Ncd3 48. Nxe5 Nxe5 49. Kf2 Nc4 50. Kf3 Nb6 51. Kf4 Nxd5+ 52. Kg5 Ke5
53. Rd1 Nxb4 54. Rb1 Nxa2 55. Rxb5+ Kd4 56. Rb7 Nc3 57. Rxh7 Ne2 58. Ra7 Nxg3
59. Rxa4+ Ke3 60. Kxg6 f4 61. Ra3+ Ke2 62. Kg5 f3 63. Kg4 f2 64. Ra1 Ne4 65.
Kf4 Nf6 66. Ra2+ Ke1 67. Kg5 Ne4+ 68. Kg4 Nf6+ 69. Kg5 Ne4+ 70. Kg6 Ng3 71.
Ra1+ Ke2 72. Kg5 f1=Q 73. Rxf1 Kxf1 74. Kf4 Kf2 1/2-1/2

[Event "ZMD Open"]
[Site "Dresden"]
[Date "????.??.??"]
[Round "?"]
[White "Kretschmer, W."]
[Black "Hilbig, K."]
[Result "1-0"]
[WhiteElo "1597"]
[BlackElo "1759"]
[PlyCount "61"]
[EventDate "2013.??.??"]

1. d4 Nf6 2. c4 g6 3. Nc3 Bg7 4. e4 d6 5. Bd3 O-O 6. Nge2 Nc6 7. O-O e5 8. d5
Ne7 9. f3 Nh5 10. Be3 f5 11. Rc1 f4 12. Bf2 g5 13. c5 Rf6 14. cxd6 cxd6 15. Nb5
g4 16. Nc7 gxf3 17. gxf3 Bh3 18. Bh4 Rg6+ 19. Kf2 Bxf1 20. Nxa8 Bh3 21. Qa4
Rg2+ 22. Ke1 Rxh2 23. Rc7 Bf6 24. Bxf6 Nxf6 25. Qxa7 Ne8 26. Rxb7 Nc8 27. Qa4
Ng7 28. Qc4 Qa5+ 29. Kd1 Qxa8 30. Qc7 Rg2 31. Qd8+ 1-0

[Event "ZMD Open"]
[Site "Dresden"]
[Date "????.??.??"]
[Round "?"]
[White "Koch, R."]
[Black "Reinisch, J."]
[Result "1/2-1/2"]
[WhiteElo "1718"]
[BlackElo "1645"]
[PlyCount "83"]
[EventDate "2013.??.??"]

1. e4 c6 2. d4 d5 3. f3 e6 4. Nc3 Bb4 5. Kf2 Ne7 6. Be3 Nd7 7. Bd3 c5 8. a3
cxd4 9. Bxd4 Bc5 10. Bxc5 Nxc5 11. Bb5+ Kf8 12. b4 Na6 13. Nge2 Qb6+ 14. Kf1
Nc7 15. Ba4 Qd6 16. exd5 Nexd5 17. Nxd5 Nxd5 18. Qd3 Qb6 19. Qd4 Qxd4 20. Nxd4
Nc3 21. Bb3 Ke7 22. Ne2 Nxe2 23. Kxe2 b6 24. Rhd1 Bb7 25. Rd2 Rhd8 26. Rad1
Rxd2+ 27. Rxd2 Rd8 28. Rxd8 Kxd8 29. Ke3 Ke7 30. g3 e5 31. c4 f6 32. Bc2 g6 33.
Be4 Bxe4 34. Kxe4 Kd6 35. g4 Ke6 36. a4 f5+ 37. gxf5+ gxf5+ 38. Kd3 Kd6 39. h4
h5 40. Kc3 a5 41. c5+ bxc5 42. b5 1/2-1/2

[Event "ZMD Open"]
[Site "Dresden"]
[Date "????.??.??"]
[Round "?"]
[White "Heber, M."]
[Black "Lindner, M."]
[Result "1-0"]
[WhiteElo "1634"]
[BlackElo "1548"]
[PlyCount "43"]
[EventDate "2013.??.??"]

1. e4 e5 2. Nf3 Nf6 3. Nxe5 d6 4. Nf3 Nxe4 5. Nc3 Nxc3 6. dxc3 Be7 7. Bf4 O-O
8. Qd2 b6 9. Bd3 Bb7 10. O-O-O Nd7 11. h4 Nf6 12. Ng5 h6 13. Nf3 Re8 14. Nd4
Ne4 15. Bxe4 Bxe4 16. f3 Bb7 17. Kb1 Bxh4 18. Bxh6 gxh6 19. Qxh6 Bf6 20. Nf5
Re5 21. Qh7+ Kf8 22. Qh8+ 1-0

[Event "ZMD Open"]
[Site "Dresden"]
[Date "????.??.??"]
[Round "?"]
[White "Dorst, K."]
[Black "Gabriel, W."]
[Result "0-1"]
[WhiteElo "1761"]
[BlackElo "1733"]
[PlyCount "84"]
[EventDate "2013.??.??"]

1. e4 e5 2. Nf3 Nc6 3. Bb5 a6 4. Ba4 Nf6 5. O-O b5 6. Bb3 Be7 7. d4 Nxd4 8.
Nxd4 exd4 9. e5 Ng8 10. Qxd4 c5 11. Qd5 c4 12. Qxa8 cxb3 13. axb3 Bc5 14. Qe4
Ne7 15. Bd2 O-O 16. Ba5 Qe8 17. Nc3 Nc6 18. Bc7 Bb7 19. Rfe1 Qa8 20. Qe3 Nb4
21. Qe2 Bxg2 22. Bd6 Bh3 23. Qe4 Bxd6 24. exd6 Nxc2 25. Qxa8 Rxa8 26. Rxa6 Rc8
27. Re2 Nd4 28. Re3 Be6 29. b4 h6 30. Rb6 Rc4 31. Nxb5 Rxb4 32. Nxd4 Rxb6 33.
Nxe6 fxe6 34. b3 Rxd6 35. b4 Rd1+ 36. Kg2 Rb1 37. Re4 Kf7 38. h4 h5 39. Kf3 d5
40. Rf4+ Ke7 41. Ke3 g6 42. Kd3 e5 0-1

[Event "ZMD Open"]
[Site "Dresden"]
[Date "????.??.??"]
[Round "?"]
[White "Schießl, H."]
[Black "Beyer, M."]
[Result "0-1"]
[WhiteElo "1749"]
[BlackElo "1560"]
[PlyCount "138"]
[EventDate "2013.??.??"]

1. e4 e5 2. Nf3 Nc6 3. Bb5 Nf6 4. Bxc6 dxc6 5. d3 Bc5 6. Bg5 Qd6 7. Nbd2 b5 8.
Qe2 Ng4 9. O-O f6 10. Bh4 Nh6 11. h3 Nf7 12. c3 g5 13. d4 Bb6 14. Bg3 h5 15.
dxe5 fxe5 16. a4 a6 17. Rfd1 Qf6 18. Nf1 h4 19. Bh2 g4 20. hxg4 Bxg4 21. Ne3
Bh5 22. axb5 Bxe3 23. Qxe3 cxb5 24. Rd5 Bxf3 25. Qxf3 Qxf3 26. gxf3 Rh5 27. f4
Ke7 28. fxe5 Rg5+ 29. Kh1 h3 30. Bg3 Ke6 31. Kh2 Nxe5 32. Rxe5+ Rxe5 33. Bxe5
Kxe5 34. Re1 Kf4 35. Kxh3 Kf3 36. Re3+ Kxf2 37. Rd3 Re8 38. Rd7 Kf3 39. Rh7 c5
40. Rh5 Kxe4 41. Rxc5 Re6 42. Kg4 Kd3 43. Kf3 Rf6+ 44. Kg4 Kc2 45. b4 Rd6 46.
Kf4 Rd3 47. Rc6 Rxc3 48. Rxa6 Kb3 49. Ke5 Kxb4 50. Kd5 Kb3 51. Kd4 b4 52. Rb6
Rc8 53. Kd3 Ka3 54. Ra6+ Kb2 55. Kd2 Rd8+ 56. Ke3 b3 57. Ke2 Kb1 58. Ke3 Rh8
59. Kd2 Rh2+ 60. Kc3 Ra2 61. Rg6 Rb2 62. Rb6 Rc2+ 63. Kd3 b2 64. Rg6 Ka1 65.
Ra6+ Kb1 66. Rg6 Rc8 67. Kd2 Ra8 68. Rb6 Ka1 69. Kc2 Rc8+ 0-1

[Event "ZMD Open"]
[Site "Dresden"]
[Date "????.??.??"]
[Round "?"]
[White "Förster, J."]
[Black "Kluge, H."]
[Result "1/2-1/2"]
[WhiteElo "1761"]
[BlackElo "1680"]
[PlyCount "53"]
[EventDate "2013.??.??"]

1. d4 Nf6 2. c4 g6 3. Nc3 Bg7 4. Bf4 d6 5. h3 O-O 6. e3 c6 7. Nf3 Nbd7 8. Bd3
a6 9. O-O Re8 10. Rc1 Qa5 11. Nd2 e5 12. dxe5 dxe5 13. Bg3 Nc5 14. Bb1 Qb6 15.
Qc2 Nh5 16. Bh2 f5 17. a3 a5 18. e4 f4 19. Rfe1 Be6 20. b3 Rad8 21. Qb2 Rd3 22.
b4 Red8 23. Rc2 axb4 24. axb4 Na6 25. Na2 Qd4 26. Qxd4 R8xd4 27. b5 1/2-1/2

[Event "ZMD Open"]
[Site "Dresden"]
[Date "????.??.??"]
[Round "?"]
[White "Köpke, P."]
[Black "Grube, K."]
[Result "1/2-1/2"]
[WhiteElo "1341"]
[BlackElo "1602"]
[PlyCount "79"]
[EventDate "2013.??.??"]

1. e4 c5 2. d3 Nc6 3. g3 g6 4. Bg2 Bg7 5. Na3 e6 6. c3 Nf6 7. Ne2 d5 8. exd5
Nxd5 9. Nc2 O-O 10. O-O e5 11. f4 Bf5 12. fxe5 Nxe5 13. d4 Bxc2 14. Qxc2 Ng4
15. Bxd5 Qxd5 16. Nf4 Qd6 17. Qe2 Nf6 18. dxc5 Qxc5+ 19. Be3 Qc6 20. Bd4 Rfe8
21. Qf3 Qxf3 22. Rxf3 Ng4 23. Bxg7 Kxg7 24. h3 Nf6 25. Raf1 Rad8 26. Nxg6 hxg6
27. Rxf6 Re7 28. R1f2 Rd3 29. Kg2 Rde3 30. c4 b6 31. b3 R3e5 32. h4 Re4 33. Kh3
Rd7 34. Kg2 Rde7 35. R6f4 f5 36. h5 Rxf4 37. gxf4 gxh5 38. Kg3 Kf6 39. Kh4 Re1
40. Kg3 1/2-1/2

[Event "ZMD Open"]
[Site "Dresden"]
[Date "????.??.??"]
[Round "?"]
[White "Gerling, L."]
[Black "Grohmann, A."]
[Result "0-1"]
[WhiteElo "1783"]
[BlackElo "1512"]
[PlyCount "56"]
[EventDate "2013.??.??"]

1. d4 d5 2. c4 c6 3. Nf3 Nf6 4. e3 e6 5. a3 Nbd7 6. Bd3 a6 7. c5 Be7 8. O-O O-O
9. b4 Qc7 10. Bb2 Re8 11. Nbd2 Rd8 12. Qc2 h6 13. Rac1 Re8 14. Ne5 Nxe5 15.
dxe5 Nd7 16. f4 f6 17. Bh7+ Kh8 18. Qg6 Rf8 19. Nf3 Qd8 20. Nd4 Nb8 21. f5 exf5
22. e6 Qe8 23. Qxf5 Bd8 24. Bg6 Qe7 25. Rf3 b6 26. Bf7 Rxf7 27. exf7 Bxf5 28.
Nxf5 Qxf7 0-1

[Event "ZMD Open"]
[Site "Dresden"]
[Date "????.??.??"]
[Round "?"]
[White "Sorge, D."]
[Black "Jahn, D."]
[Result "1-0"]
[WhiteElo "1437"]
[BlackElo "1816"]
[PlyCount "58"]
[EventDate "2013.??.??"]

1. c4 b6 2. Nc3 Bb7 3. d4 e6 4. Bf4 Bb4 5. Qc2 Nf6 6. f3 Nc6 7. e3 Nh5 8. Bg3
Nxg3 9. hxg3 g6 10. a3 Bxc3+ 11. Qxc3 Qg5 12. g4 O-O-O 13. Nh3 Qe7 14. d5 exd5
15. cxd5 Ne5 16. O-O-O d6 17. Bb5 Kb8 18. Kb1 Rc8 19. Nf2 c6 20. dxc6 Bxc6 21.
Bxc6 Rxc6 22. Qd4 f6 23. f4 Nd7 24. Ne4 Kc7 25. Nc3 Kb7 26. Nb5 Nc5 27. Nxd6+
Rxd6 28. Qxd6 Qe4+ 29. Ka2 Nb3 1-0

[Event "ZMD Open"]
[Site "Dresden"]
[Date "????.??.??"]
[Round "?"]
[White "Kanibalotzka, E."]
[Black "Bui, N."]
[Result "1-0"]
[WhiteElo "1822"]
[BlackElo "1417"]
[PlyCount "133"]
[EventDate "2013.??.??"]

1. c4 c5 2. Nc3 Nc6 3. g3 g6 4. Bg2 Bg7 5. e3 Nf6 6. Nge2 O-O 7. d4 cxd4 8.
exd4 e6 9. O-O d5 10. cxd5 exd5 11. Bg5 Be6 12. Qd2 Qd7 13. Bh6 Rac8 14. Bxg7
Kxg7 15. Nf4 Rfe8 16. Nxe6+ fxe6 17. Bh3 Qd6 18. a3 Na5 19. Qd3 Rcd8 20. Rfe1
e5 21. dxe5 Rxe5 22. Rxe5 Qxe5 23. Qe2 Qxe2 24. Nxe2 Nc4 25. Nd4 Re8 26. b3 Nb6
27. Rc1 Re7 28. f3 Ne8 29. Kf2 Kf8 30. Rc3 Rc7 31. Rxc7 Nxc7 32. f4 h6 33. Ke3
Ne8 34. a4 a5 35. Nb5 Ke7 36. Kd4 Nd6 37. Nc7 Ne4 38. Nxd5+ Nxd5 39. Kxd5 Nc3+
40. Kc4 Ne4 41. Bg2 Nd6+ 42. Kc5 g5 43. fxg5 hxg5 44. Kb6 Nf5 45. Bxb7 Nd4 46.
Bd5 Kd6 47. Bc4 Nc2 48. Kxa5 Ne3 49. Be2 Kc7 50. b4 Kb8 51. b5 Nd5 52. Bg4 Nc7
53. h4 gxh4 54. gxh4 Ne8 55. Kb6 Nf6 56. Bf5 Nh5 57. a5 Nf4 58. Bg4 Nd5+ 59.
Kc5 Nf6 60. Bf3 Nd7+ 61. Kd6 Nf6 62. h5 Nxh5 63. Bxh5 Ka7 64. Kc7 Ka8 65. Bf3+
Ka7 66. b6+ Ka6 67. b7 1-0

[Event "ZMD Open"]
[Site "Dresden"]
[Date "????.??.??"]
[Round "?"]
[White "Ott, H."]
[Black "Böhme-Ziska, C."]
[Result "0-1"]
[WhiteElo "1674"]
[BlackElo "1747"]
[PlyCount "66"]
[EventDate "2013.??.??"]

1. e4 d5 2. exd5 Qxd5 3. d4 Nc6 4. Be3 e5 5. Nc3 Bb4 6. Nge2 Bg4 7. f3 Bxf3 8.
Kf2 Bxc3 9. Nxc3 Bxd1 10. Nxd5 O-O-O 11. Nc3 Bxc2 12. d5 Nd4 13. Rc1 a6 14. b4
Nf6 15. h3 Ne4+ 16. Nxe4 Bxe4 17. Rd1 Bxd5 18. a3 Nc2 19. Bc1 Be4 20. Bc4 c6
21. Rhf1 f6 22. Bb3 Nd4 23. Ba2 Rd6 24. Rg1 Rhd8 25. Rd2 Nb5 26. Rxd6 Rxd6 27.
a4 Nc3 28. Bb3 Kc7 29. Be3 f5 30. g3 Rd3 31. a5 Nd5 32. Bxd5 Bxd5 33. Ra1 Rb3
0-1

[Event "ZMD Open"]
[Site "Dresden"]
[Date "????.??.??"]
[Round "?"]
[White "Möller, P."]
[Black "Smagulov, A."]
[Result "1/2-1/2"]
[WhiteElo "1678"]
[BlackElo "1802"]
[PlyCount "120"]
[EventDate "2013.??.??"]

1. d4 e6 2. Nf3 Nf6 3. Bf4 d5 4. c4 c5 5. Nc3 Bd6 6. Ne5 Nc6 7. e3 cxd4 8. Nxc6
bxc6 9. Qxd4 O-O 10. Bxd6 Qxd6 11. c5 Qc7 12. b4 a6 13. Qd1 e5 14. Be2 Bf5 15.
O-O Rfd8 16. Qc1 d4 17. exd4 Rxd4 18. a3 Qb7 19. Qg5 Qc8 20. Rfd1 h6 21. Qe3
Rxd1+ 22. Rxd1 Nd7 23. Bf3 Ra7 24. Rd6 Rc7 25. Ne4 f6 26. Qd2 Nf8 27. Rd8 Qe6
28. Ng3 Rd7 29. Qxd7 Qxd7 30. Rxd7 Bxd7 31. Be2 Bc8 32. Bf3 Bb7 33. Ne4 Ne6 34.
Nd6 Ba8 35. Be2 Nd4 36. Bxa6 Nc2 37. b5 cxb5 38. Nxb5 Kf8 39. Nc7 Bc6 40. Bb5
Nd4 41. Bxc6 Nxc6 42. Kf1 Ke7 43. Ke2 Kd7 44. Nb5 Na5 45. Kd3 Kc6 46. Nd6 g6
47. Ke4 Nb3 48. Nc4 Nxc5+ 49. Ke3 Na4 50. f4 Kd5 51. Nd2 exf4+ 52. Kxf4 Nc3 53.
h4 h5 54. g4 hxg4 55. Kxg4 Ke5 56. Nf3+ Ke4 57. Nd2+ Kd5 58. h5 gxh5+ 59. Kxh5
Ke5 60. Nf3+ Ke4 1/2-1/2

[Event "ZMD Open"]
[Site "Dresden"]
[Date "????.??.??"]
[Round "?"]
[White "Schlegel, H."]
[Black "Ast, E."]
[Result "0-1"]
[WhiteElo "1035"]
[BlackElo "1789"]
[PlyCount "54"]
[EventDate "2013.??.??"]

1. e4 e6 2. d4 d5 3. exd5 exd5 4. Be3 Nf6 5. Nf3 Be7 6. Bd3 O-O 7. O-O c6 8.
Nc3 Bg4 9. Bg5 Nbd7 10. Re1 Re8 11. Qe2 Qc7 12. Qe3 Bd6 13. Ne5 Nxe5 14. dxe5
Rxe5 15. Qd2 Rxe1+ 16. Rxe1 Bxh2+ 17. Kh1 Be5 18. f3 Be6 19. f4 Bxc3 20. Qxc3
Nh5 21. Re3 Nxf4 22. Bxh7+ Kxh7 23. Bxf4 Qxf4 24. Qd3+ Bf5 25. Rh3+ Kg8 26. Rf3
Qh4+ 27. Rh3 Bxh3 0-1

[Event "ZMD Open"]
[Site "Dresden"]
[Date "????.??.??"]
[Round "?"]
[White "Fahland, M."]
[Black "Klein, A."]
[Result "1/2-1/2"]
[WhiteElo "1414"]
[BlackElo "1735"]
[PlyCount "22"]
[EventDate "2013.??.??"]

1. d4 Nf6 2. c4 g6 3. Nc3 Bg7 4. e4 d6 5. Bg5 O-O 6. Qd2 c5 7. d5 Bd7 8. Bd3
Na6 9. a3 Nc7 10. Nge2 a6 11. O-O b5 1/2-1/2

[Event "ZMD Open"]
[Site "Dresden"]
[Date "????.??.??"]
[Round "?"]
[White "Laskow, V."]
[Black "Hansch, B."]
[Result "1-0"]
[WhiteElo "1472"]
[BlackElo "1577"]
[PlyCount "57"]
[EventDate "2013.??.??"]

1. d4 Nf6 2. c4 e5 3. dxe5 Ng4 4. Nf3 Bc5 5. e3 Nc6 6. a3 a5 7. Nc3 Ra6 8. Ne4
Ba7 9. c5 Ngxe5 10. Bxa6 bxa6 11. Nxe5 Nxe5 12. Qd5 Qe7 13. O-O O-O 14. Bd2 c6
15. Qd6 Qxd6 16. cxd6 Nc4 17. b3 Nxd2 18. Nxd2 Bc5 19. Nc4 Re8 20. Rfd1 Re6 21.
Rd3 a4 22. b4 Ba7 23. Nb2 Bb8 24. Rad1 a5 25. Nxa4 Ba6 26. Nc5 Bxd3 27. Nxe6
Bf5 28. Nc5 axb4 29. axb4 1-0

[Event "ZMD Open"]
[Site "Dresden"]
[Date "????.??.??"]
[Round "?"]
[White "Scharff, J."]
[Black "Hofmann, F."]
[Result "1-0"]
[WhiteElo "1693"]
[BlackElo "1077"]
[PlyCount "57"]
[EventDate "2013.??.??"]

1. d4 Nf6 2. c4 g6 3. Nc3 Bg7 4. e4 O-O 5. Nf3 Nc6 6. a3 d6 7. d5 Nb8 8. Bd3 c6
9. O-O Nbd7 10. Re1 Nc5 11. Bd2 e5 12. b4 Na6 13. Be3 Bg4 14. h3 Bd7 15. Rb1
Nh5 16. Nh2 Nf4 17. Qf3 Qg5 18. Kh1 f5 19. g3 fxe4 20. Nxe4 Qf5 21. gxf4 exf4
22. Bd2 Qxh3 23. Qxh3 Bxh3 24. Nxd6 cxd5 25. cxd5 Rfd8 26. Bxf4 Rf8 27. Bg3
Rad8 28. Rb3 b6 29. Rd1 1-0

[Event "ZMD Open"]
[Site "Dresden"]
[Date "????.??.??"]
[Round "?"]
[White "Schießl, W."]
[Black "Kultscher, C."]
[Result "1-0"]
[WhiteElo "1842"]
[BlackElo "1046"]
[PlyCount "68"]
[EventDate "2013.??.??"]

1. e4 e5 2. Qf3 Nf6 3. Nc3 Nc6 4. a3 Nd4 5. Qd1 c6 6. Nf3 Qc7 7. Bc4 b5 8. Ba2
Be7 9. d3 d6 10. h3 O-O 11. Nxd4 exd4 12. Ne2 c5 13. c3 dxc3 14. Nxc3 a6 15.
Ne2 Bb7 16. Bf4 Rac8 17. O-O Nh5 18. Bh2 Bf6 19. Rb1 Be5 20. f4 Bd4+ 21. Nxd4
cxd4 22. Qxh5 Qc6 23. Bd5 Qb6 24. Bxb7 Qxb7 25. f5 Qe7 26. Bf4 f6 27. Qg4 Rc6
28. Qg3 Rfc8 29. Qf2 Qa7 30. Qe2 Rc2 31. Qh5 a5 32. Rbc1 Rxc1 33. Rxc1 Rxc1+
34. Bxc1 b4 1-0

[Event "ZMD Open"]
[Site "Dresden"]
[Date "????.??.??"]
[Round "?"]
[White "Scholz, R."]
[Black "Koch, K."]
[Result "1-0"]
[WhiteElo "1109"]
[BlackElo "800"]
[PlyCount "29"]
[EventDate "2013.??.??"]

1. e4 c5 2. c3 Nf6 3. d3 d6 4. Be3 Nc6 5. Nd2 g6 6. d4 e6 7. Ngf3 d5 8. e5 Ne4
9. Nxe4 dxe4 10. Ng5 b6 11. Nxe4 Bg7 12. Nd6+ Kf8 13. Qf3 Qe7 14. Qxc6 Rb8 15.
Nxc8 1-0

[Event "ZMD Open"]
[Site "Dresden"]
[Date "????.??.??"]
[Round "?"]
[White "Schüring, L."]
[Black "Knappe, S."]
[Result "1-0"]
[WhiteElo "1256"]
[BlackElo "1072"]
[PlyCount "123"]
[EventDate "2013.??.??"]

1. d4 d5 2. c4 Nf6 3. Nc3 dxc4 4. e3 Be6 5. Nf3 Bd5 6. Ne5 Nc6 7. Bxc4 e6 8.
Nxd5 exd5 9. Bb5 Bb4+ 10. Bd2 Bxd2+ 11. Qxd2 Ne4 12. Qc2 Qd6 13. O-O O-O 14.
Bxc6 bxc6 15. Qxc6 Qb4 16. Nf3 Qxb2 17. Qxd5 Nc3 18. Qb3 Ne2+ 19. Kh1 Rab8 20.
Qxb2 Rxb2 21. a4 Rfb8 22. g3 Nc3 23. Rac1 Ne4 24. Kg1 Ra2 25. Rxc7 g6 26. Re7
f5 27. Rc1 Nxf2 28. Rxa7 Ne4 29. a5 Rab2 30. a6 Rb1 31. Rac7 Rxc1+ 32. Rxc1 Nd6
33. Ra1 Ra8 34. Ne5 Kf8 35. Kf2 Ke7 36. Kf3 g5 37. g4 h5 38. gxh5 g4+ 39. Kf4
Kf8 40. a7 Kg7 41. Ra6 Ne8 42. Kxf5 Kf8 43. Kxg4 Kg7 44. Kf5 Nc7 45. Rg6+ Kh7
46. Kg5 Ne8 47. Ra6 Nc7 48. Rh6+ Kg7 49. Rg6+ Kh7 50. h6 Ne8 51. Nc6 Rc8 52. d5
Nc7 53. Rg7+ Kh8 54. Ne5 Rf8 55. Rxc7 Rg8+ 56. Rg7 Rxg7+ 57. hxg7+ Kxg7 58. Nd3
Kh7 59. a8=Q Kg7 60. Qa7+ Kf8 61. Kf6 Ke8 62. Qe7# 1-0

[Event "ZMD Open"]
[Site "Dresden"]
[Date "????.??.??"]
[Round "?"]
[White "Donchenko, A."]
[Black "Siedentopf, D."]
[Result "1/2-1/2"]
[WhiteElo "2476"]
[BlackElo "2311"]
[PlyCount "55"]
[EventDate "2013.??.??"]

1. c4 f5 2. g3 Nf6 3. Bg2 g6 4. Nc3 Bg7 5. d3 d6 6. e4 O-O 7. Nge2 fxe4 8. dxe4
c5 9. O-O Nc6 10. h3 Be6 11. b3 a6 12. a4 Ne8 13. Be3 Nc7 14. Rb1 Rb8 15. Qd2
Bf7 16. f4 Ne6 17. f5 Ned4 18. Bh6 Nxe2+ 19. Nxe2 b5 20. Bxg7 Kxg7 21. Rf4 g5
22. Rg4 h6 23. Rxg5+ hxg5 24. Qxg5+ Kh7 25. Qh4+ Kg7 26. Qg5+ Kh7 27. Qh4+ Kg7
28. Qg5+ 1/2-1/2

[Event "ZMD Open"]
[Site "Dresden"]
[Date "????.??.??"]
[Round "?"]
[White "Wichmann, C."]
[Black "Pancevski, F."]
[Result "0-1"]
[WhiteElo "2360"]
[BlackElo "2484"]
[PlyCount "60"]
[EventDate "2013.??.??"]

1. d4 g6 2. e4 Bg7 3. Nf3 d6 4. Bc4 e6 5. O-O Ne7 6. Bg5 h6 7. Be3 a6 8. Qd2
Nd7 9. Bd3 c5 10. c3 b6 11. a4 Bb7 12. Na3 cxd4 13. cxd4 Nf6 14. e5 dxe5 15.
Nxe5 Nf5 16. Nac4 Nd5 17. Rac1 Rc8 18. Qe2 O-O 19. Rfd1 b5 20. axb5 axb5 21.
Nd2 Rxc1 22. Rxc1 Nxd4 23. Bxd4 Nf4 24. Qe3 Nxg2 25. Bb6 Nxe3 26. Bxd8 Rxd8 27.
fxe3 Bxe5 28. Be4 Bxh2+ 29. Kf1 Rxd2 30. Bxb7 Rxb2 0-1

[Event "ZMD Open"]
[Site "Dresden"]
[Date "????.??.??"]
[Round "?"]
[White "Neef, M."]
[Black "Maiwald, J."]
[Result "1/2-1/2"]
[WhiteElo "2252"]
[BlackElo "2468"]
[PlyCount "36"]
[EventDate "2013.??.??"]

1. d4 d5 2. Nf3 Nf6 3. c4 dxc4 4. e3 Bg4 5. Bxc4 e6 6. Nc3 Nc6 7. h3 Bh5 8. Bb5
Bd6 9. g4 Bg6 10. Nh4 a6 11. Nxg6 hxg6 12. Bf1 e5 13. dxe5 Bxe5 14. Bd2 Qd7 15.
Bg2 O-O-O 16. g5 Bxc3 17. Bxc3 Qf5 18. Qa4 Nd5 1/2-1/2

[Event "ZMD Open"]
[Site "Dresden"]
[Date "????.??.??"]
[Round "?"]
[White "Wagner, D."]
[Black "Skibbe, W."]
[Result "1/2-1/2"]
[WhiteElo "2465"]
[BlackElo "2292"]
[PlyCount "60"]
[EventDate "2013.??.??"]

1. c4 c5 2. Nf3 Nc6 3. Nc3 e5 4. g3 g6 5. Bg2 Bg7 6. d3 Nge7 7. O-O d6 8. a3 a5
9. Ne1 Be6 10. Nc2 d5 11. cxd5 Nxd5 12. Ne4 b6 13. Ng5 Bc8 14. Ne3 Nde7 15. Bd2
h6 16. Ne4 O-O 17. Nc4 Be6 18. Nc3 Rb8 19. Nb5 Qd7 20. Rb1 a4 21. Bc3 Nf5 22.
b3 axb3 23. Qxb3 Na5 24. Bxa5 bxa5 25. a4 Nd4 26. Qa2 Nxb5 27. axb5 Rxb5 28.
Rxb5 Qxb5 29. Rb1 Qa6 30. Bb7 Bxc4 1/2-1/2

[Event "ZMD Open"]
[Site "Dresden"]
[Date "????.??.??"]
[Round "?"]
[White "Seres, L."]
[Black "Rjabzev, K."]
[Result "1-0"]
[WhiteElo "2442"]
[BlackElo "2287"]
[PlyCount "119"]
[EventDate "2013.??.??"]

1. d4 d5 2. c4 e6 3. Nf3 Nf6 4. Nc3 Be7 5. Bg5 h6 6. Bxf6 Bxf6 7. e3 O-O 8. Qd2
a6 9. Rc1 dxc4 10. Bxc4 b5 11. Bd3 Bb7 12. Be4 Bd5 13. Bxd5 exd5 14. O-O Re8
15. Rc2 c6 16. Rfc1 Be7 17. Qd3 Bd6 18. Nb1 Ra7 19. Nbd2 Rae7 20. Qf5 Re6 21.
Ne1 g6 22. Qh3 Kg7 23. Nd3 h5 24. Nf3 f6 25. g3 Qd7 26. Nf4 Bxf4 27. gxf4 Rd6
28. Qxd7+ Rxd7 29. Kf1 Kf7 30. Ke2 Rd6 31. Ne1 Ke6 32. Nd3 Kf5 33. Kf3 g5 34.
fxg5 fxg5 35. Ne5 Rxe5 36. dxe5 Kxe5 37. h3 Kf5 38. Kg2 Re6 39. Rc3 g4 40.
hxg4+ Kxg4 41. f3+ Kf5 42. Kg3 a5 43. Kf2 a4 44. Rc5 Kf6 45. f4 Re4 46. Kf3 Rb4
47. R5c2 Rc4 48. Rxc4 bxc4 49. Rh1 Na6 50. Rxh5 Nb4 51. e4 Ke6 52. Rh6+ Kd7 53.
Rh7+ Kd8 54. a3 Nd3 55. exd5 cxd5 56. Rh5 d4 57. Ke4 Nxb2 58. Kxd4 Ke7 59. Rh2
Nd3 60. Rh4 1-0

[Event "ZMD Open"]
[Site "Dresden"]
[Date "????.??.??"]
[Round "?"]
[White "Gutman, L."]
[Black "Böttger, L."]
[Result "1-0"]
[WhiteElo "2441"]
[BlackElo "2240"]
[PlyCount "105"]
[EventDate "2013.??.??"]

1. Nf3 Nf6 2. g3 d5 3. Bg2 c6 4. O-O Bg4 5. d3 Nbd7 6. c4 dxc4 7. dxc4 e5 8.
Be3 Qc7 9. Nc3 Bc5 10. Bxc5 Nxc5 11. b4 Ne6 12. b5 O-O 13. bxc6 bxc6 14. h3
Bxf3 15. Bxf3 Nd4 16. Bg2 Qa5 17. Rc1 Rad8 18. Qe1 Qa6 19. e3 Ne6 20. Qe2 Nc5
21. g4 Nd3 22. Rc2 Nb4 23. g5 Ne8 24. Rb2 Nd3 25. Rd1 Nxb2 26. Rxd8 Qa5 27. Rb8
Qxc3 28. Rxb2 Nd6 29. Bxc6 Nxc4 30. Rc2 Qa1+ 31. Qf1 Qxf1+ 32. Kxf1 Nd6 33. Rd2
Rd8 34. Rd5 f6 35. gxf6 gxf6 36. Ra5 Nc8 37. Bd5+ Kg7 38. Be6 Kg6 39. Kg2 Re8
40. Bg4 f5 41. Ra6+ Nb6 42. Be2 Re7 43. a4 Kg5 44. Bd3 h5 45. h4+ Kxh4 46. Bxf5
Kg5 47. Be4 Kh4 48. Kf3 Nc4 49. Ke2 Nb6 50. a5 Na4 51. Rc6 Rd7 52. Rc4 Nb2 53.
Rb4 1-0